|
|
|
|
| LEADER |
02006nam a2200397 a 4500 |
| 001 |
41899 |
| 003 |
BD-DhAAL |
| 005 |
20231019140427.0 |
| 008 |
231019r20222012enka b 001 0 eng d |
| 010 |
|
|
|a 2011943531
|
| 020 |
|
|
|a 9780198728719
|
| 020 |
|
|
|a 0198728719
|
| 040 |
|
|
|a DLC
|c DLC
|d BD-DhAAL
|
| 042 |
|
|
|a pcc
|
| 050 |
0 |
0 |
|a QD251.3
|b .O64 2012
|
| 082 |
|
|
|a 547
|2 23
|
| 100 |
1 |
|
|a Clayden, Jonathan.
|9 55745
|
| 245 |
1 |
0 |
|a Organic chemistry /
|c Jonathan Clayden, Nick Greeves, Stuart Warren.
|
| 250 |
|
|
|a Second edition.
|
| 264 |
|
|
|a Oxford ;
|a New York :
|b Oxford University Press,
|c c2012 [fourth reprinted 2022].
|
| 300 |
|
|
|a xxv, 1234 pages :
|b illustrations (some colors) ;
|c 28 cm.
|
| 500 |
|
|
|a Rev. ed. of: Organic chemistry / Jonathan Clayden ... [et al.].
|
| 504 |
|
|
|a Includes bibliographical references and index.
|
| 526 |
|
|
|a PHR
|
| 541 |
|
|
|a Book Finder International
|e 41899, 41900, 41901, 41902
|
| 650 |
|
0 |
|a Chemistry, Organic
|v Textbooks.
|
| 700 |
1 |
|
|a Greeves, Nick.
|9 55746
|
| 700 |
1 |
|
|a Warren, Stuart G.
|9 55747
|
| 730 |
0 |
|
|a Organic chemistry.
|9 55748
|
| 852 |
|
|
|a Ayesha Abed Library
|c General Stacks
|
| 942 |
|
|
|2 ddc
|c BK
|
| 999 |
|
|
|c 44299
|d 44299
|
| 952 |
|
|
|0 0
|1 0
|2 ddc
|4 0
|6 547_000000000000000_CLA
|7 0
|9 74612
|a BRACUL
|b BRACUL
|c GEN
|d 2023-10-17
|e Book Finder International
|g 3659.65
|l 2
|o 547 CLA
|p 3010041902
|r 2024-10-17
|s 2024-10-09
|t 4
|v 3659.65
|w 2023-10-17
|y BK
|
| 952 |
|
|
|0 0
|1 0
|2 ddc
|4 0
|6 547_000000000000000_CLA
|7 0
|9 74613
|a BRACUL
|b BRACUL
|c GEN
|d 2023-10-17
|e Book Finder International
|g 3659.65
|l 0
|o 547 CLA
|p 3010041899
|r 2023-10-17
|t 1
|v 3659.65
|w 2023-10-17
|y BK
|
| 952 |
|
|
|0 0
|1 0
|2 ddc
|4 0
|6 547_000000000000000_CLA
|7 0
|9 74614
|a BRACUL
|b BRACUL
|c GEN
|d 2023-10-17
|e Book Finder International
|g 3659.65
|l 2
|o 547 CLA
|p 3010041901
|r 2024-09-30
|s 2024-09-30
|t 3
|v 3659.65
|w 2023-10-17
|y BK
|
| 952 |
|
|
|0 0
|1 0
|2 ddc
|4 0
|6 547_000000000000000_CLA
|7 0
|9 74615
|a BRACUL
|b BRACUL
|c GEN
|d 2023-10-17
|e Book Finder International
|g 3659.65
|l 1
|m 2
|o 547 CLA
|p 3010041900
|r 2025-07-09
|s 2024-11-12
|t 2
|v 3659.65
|w 2023-10-17
|y BK
|